| 000 | 00394 a2200169 4500 | ||
|---|---|---|---|
| 001 | 175151 | ||
| 020 | _a85-16-02408-3 | ||
| 040 | _cMagnum | ||
| 100 | _aSanta Rosa, Nereide Schilaro | ||
| 240 | 1 | 0 |
_aJosé ferraz de Almeida Júnior _lpor |
| 245 | 1 | 0 | _aJosé ferraz de Almeida Júnior |
| 300 | _a32 | ||
| 362 | 0 | _a1999 | |
| 440 | 1 | _aModerna | |
| 697 | _aPINTORES E PINTURAS | ||
| 942 | _cBK | ||
| 999 |
_c175151 _d175151 |
||